000 00488nam a22001817a 4500
003 CEME
005 20210628202523.0
008 210119b xxu||||| |||| 00| 0 eng d
020 _a81-7319-570-6
040 _cceme
082 _a621.3822 NAR
100 _aNarasimhan, S.V Veena ,S
_960299
245 _aSignal processing principles and implementation
260 _aNEW DELHI
_bNAROSA PUBLISHING
_c2005
300 _aXIX,576 P
650 _aSIGNAL PROCESSING
_9723
942 _cBK
_2ddc
999 _c570061
_d570061